Central excise duties and economic development in India (Record no. 28341)

MARC details
000 -LEADER
fixed length control field 00337nam a2200121Ia 4500
082 ## - DEWEY DECIMAL CLASSIFICATION NUMBER
Classification number 336.222(540)
Item number SHI
100 ## - MAIN ENTRY--AUTHOR NAME
Personal name SHIVAKUMAR SINGH
245 #0 - TITLE STATEMENT
Title Central excise duties and economic development in India
260 ## - PUBLICATION, DISTRIBUTION, ETC. (IMPRINT)
Place of publication Delhi
Name of publisher S Chand &Co
650 ## - SUBJECT ADDED ENTRY--TOPICAL TERM
Topical Term Central Excise duty
942 ## - ADDED ENTRY ELEMENTS (KOHA)
Koha item type Books
Holdings
Withdrawn status Lost status Damaged status Not for loan Home library Current library Date acquired Full call number Accession Number Koha item type
        RRII Library RRII Library 16/12/2021 336.222(540) SHI 08942 Books